Homophone Spelling Click Quiz - 7 - Statistics

General Stats
  • This quiz has been taken 207 times
  • The average score is 21 of 25
Answer Stats
Hint Answer % Correct
Delivery of a baby from its mother's body Birth
93%
Part of the day before noon Morning
92%
Period of sorrow after someone's death Mourning
92%
Lowered the head to avoid an obstacle Ducked
91%
Set of steps leading from one floor to another Stair
91%
Look steadily with eyes wide open Stare
91%
Free from curves or bends Straight
91%
Very strange and unusual Bizarre
89%
Fruit preserve Jam
89%
Use the teeth to cut into something Bite
87%
Weight carried by a person or vehicle Load
87%
Unit of information, equal to eight bits Byte
84%
Market or street of shops and stalls Bazaar
83%
Small device that produces a bright flame Flare
83%
Extremely unpleasant Foul
83%
Bird used to produce meat or eggs Fowl
83%
Association of people who do the same job Guild
83%
Narrow passage of water connecting two seas Strait
83%
Conduit or pipe for carrying liquid or air Duct
80%
Cover a surface with a thin layer of gold Gild
77%
Place to sleep on a ship or train Berth
74%
Natural ability to do something well Flair
72%
Vertical part of a door or window frame Jamb
67%
Layer of metal ore in the earth Lode
65%
Curved, recessed part of a coastline Bight
45%
No matching quizzes found
Score Distribution
Percent of People with Each Score
Percentile by Number Answered
Your Score History
You have not taken this quiz